[Event "Schaffhausen op"]
[Site "Schaffhausen"]
[Date "2024.01.14"]
[Round "4"]
[White "Schmitz Buchholz, Daniel"]
[Black "Lanois, Herve"]
[Result "0-1"]
[WhiteElo "1687"]
[BlackElo "1599"]
[PlyCount "56"]
[EventDate "2024.01.12"]
[EventType "swiss"]
[EventRounds "5"]
[EventCountry "SUI"]
[SourceTitle "CB04_2024"]
[SourceDate "2023.10.16"]
[SourceVersion "1"]
[SourceVersionDate "2023.10.16"]
[SourceQuality "1"]

1. e4 e6 2. d4 d5 3. e5 c5 4. c3 Nc6 5. Nf3 Bd7 6. Be2 cxd4 7. cxd4 Nge7 8. Na3 a6 9. 0-0 Ng6 10. Nc2 Be7 11. Bd2 0-0 12. b4 f6 13. a4 fxe5 14. b5 Nxd4 15. Ncxd4 exd4 16. Nxd4 Bf6 17. bxa6 Bxd4 18. axb7 Ra7 19. Rb1 Qb8 20. Bb4 Bxf2+ 21. Rxf2 Rxf2 22. Kxf2 Rxb7 23. Qd4 Bxa4 24. Ba6 Rf7+ 25. Kg1 Qa7 26. Bc5 Qxa6 27. Rb8+ Nf8 28. Qb4 Qf1# 0-1

[Event "Schaffhausen op"]
[Site "Schaffhausen"]
[Date "2024.01.13"]
[Round "2"]
[White "Lanois, Herve"]
[Black "Hehlgans, Christopher"]
[Result "1-0"]
[WhiteElo "1599"]
[BlackElo "1426"]
[PlyCount "77"]
[EventDate "2024.01.12"]
[EventType "swiss"]
[EventRounds "5"]
[EventCountry "SUI"]
[SourceTitle "CB04_2024"]
[SourceDate "2023.10.16"]
[SourceVersion "1"]
[SourceVersionDate "2023.10.16"]
[SourceQuality "1"]

1. d4 d5 2. c4 c6 3. e3 Nf6 4. Nc3 Bf5 5. Nf3 e6 6. Nh4 Be4 7. Nxe4 dxe4 8. g3 Bb4+ 9. Bd2 Bxd2+ 10. Qxd2 0-0 11. Be2 Qe7 12. 0-0 c5 13. dxc5 Rd8 14. Qc2 Nc6 15. a3 Qxc5 16. Rfd1 Ne5 17. b4 Qc7 18. Ng2 Nf3+ 19. Bxf3 exf3 20. Ne1 b5 21. cxb5 Qb7 22. Qc6 Qe7 23. Qxf3 Nd5 24. Rac1 Rac8 25. Rc6 Qb7 26. Rdc1 a6 27. Rxc8 Rxc8 28. bxa6 Qxa6 29. Rxc8+ Qxc8 30. Qd1 Qa8 31. Qb3 g6 32. Nd3 Qa7 33. Nc5 Qb6 34. e4 Nc7 35. a4 f5 36. a5 Qc6 37. exf5 gxf5 38. Qc4 Nd5 39. b5 1-0

[Event "Davos Ski op"]
[Site "Davos"]
[Date "2023.12.17"]
[Round "5"]
[White "Lanois, Herve"]
[Black "Tuor, Elena"]
[Result "1-0"]
[WhiteElo "1601"]
[BlackElo "1282"]
[PlyCount "87"]
[EventDate "2023.12.15"]
[EventType "swiss"]
[EventRounds "5"]
[EventCountry "SUI"]
[SourceTitle "CB51_2023"]
[SourceDate "2023.12.20"]
[SourceVersion "1"]
[SourceVersionDate "2023.12.20"]
[SourceQuality "1"]

1. d4 e6 2. c4 Be7 3. Nc3 Nf6 4. e4 d6 5. Nf3 Nbd7 6. Bd3 h6 7. 0-0 a6 8. b3 Nh7 9. Bb2 Bf6 10. Qc2 e5 11. Nd5 Ng5 12. Nxf6+ Qxf6 13. Nxg5 Qxg5 14. dxe5 dxe5 15. Rfd1 Qe7 16. Be2 0-0 17. Rd3 Nf6 18. Rg3 Be6 19. Bxe5 g6 20. Bb2 Rad8 21. Qc3 Kh7 22. Qxf6 Qxf6 23. Bxf6 Rd2 24. Bg4 h5 25. Bxe6 fxe6 26. e5 Rf7 27. Re3 Rfd7 28. Kf1 c6 29. Re2 R2d4 30. Bg5 Rg4 31. h4 Rgd4 32. Ke1 Kg7 33. f3 b5 34. cxb5 axb5 35. Rd2 Kf7 36. Rxd4 Rxd4 37. Rd1 Rd5 38. Rxd5 cxd5 39. Kd2 Ke8 40. a4 Kd7 41. axb5 Kc7 42. Kc3 Kb6 43. Kb4 Kc7 44. Kc5 1-0

[Event "Davos Ski op"]
[Site "Davos"]
[Date "2023.12.15"]
[Round "1"]
[White "Lanois, Herve"]
[Black "Neuberger, Guido"]
[Result "0-1"]
[WhiteElo "1601"]
[BlackElo "2172"]
[PlyCount "82"]
[EventDate "2023.12.15"]
[EventType "swiss"]
[EventRounds "5"]
[EventCountry "SUI"]
[SourceTitle "CB51_2023"]
[SourceDate "2023.12.20"]
[SourceVersion "1"]
[SourceVersionDate "2023.12.20"]
[SourceQuality "1"]

1. d4 d5 2. c4 Bf5 3. e3 e6 4. Nc3 Nf6 5. Nf3 c6 6. Bd3 Bg6 7. Ne5 Nbd7 8. Nxg6 hxg6 9. cxd5 exd5 10. Bd2 Bd6 11. g3 Qe7 12. Qe2 Ne4 13. Nxe4 dxe4 14. Bc2 f5 15. Bb3 a5 16. a3 a4 17. Ba2 g5 18. Qc4 Rh6 19. Qg8+ Qf8 20. Qxf8+ Kxf8 21. Rc1 Ke7 22. Kf1 g4 23. Kg2 Nf6 24. Rc4 Kd7 25. Rc2 Rh3 26. Bc3 Rc8 27. Ba5 Nh7 28. Bc4 Ng5 29. Be2 Ra8 30. Bb6 Nf3 31. Bc5 g5 32. Bxd6 Kxd6 33. Rc5 Rah8 34. Bxf3 gxf3+ 35. Kg1 Rf8 36. Re5 g4 37. Kf1 b6 38. Kg1 c5 39. Kf1 cxd4 40. Rb5 Rc8 41. Rxb6+ Ke7 0-1

[Event "Adelboden Swiss Alpine op"]
[Site "Adelboden"]
[Date "2023.11.26"]
[Round "4"]
[White "Lanois, Herve"]
[Black "Adnin, Rafa Azkario"]
[Result "0-1"]
[WhiteElo "1602"]
[BlackElo "1374"]
[PlyCount "82"]
[EventDate "2023.11.24"]
[EventType "swiss"]
[EventRounds "5"]
[EventCountry "SUI"]
[SourceTitle "CB50_2023"]
[SourceDate "2023.12.13"]
[SourceVersion "1"]
[SourceVersionDate "2023.12.13"]
[SourceQuality "1"]

1. d4 d5 2. c4 e6 3. Nc3 Nf6 4. e3 Bb4 5. Bd2 0-0 6. Nf3 Re8 7. Bd3 Nc6 8. 0-0 Bxc3 9. Bxc3 Nd7 10. b4 Nb6 11. c5 Nc4 12. Qb3 e5 13. Bxc4 dxc4 14. Qxc4 e4 15. Ne5 Nxe5 16. dxe5 Bf5 17. Rad1 Qg5 18. Rd2 Re6 19. f4 Qh5 20. Rfd1 h6 21. Re1 Rg6 22. Qe2 Bg4 23. Qf2 Bf3 24. g3 Re8 25. Rc1 Ree6 26. Kf1 Qh3+ 27. Ke1 Rg4 28. f5 Re8 29. Rd7 Rc8 30. Rc2 h5 31. e6 fxe6 32. fxe6 Re8 33. e7 Kh7 34. Qd2 h4 35. Qd5 Rg6 36. Qf7 Qxd7 37. Rd2 Qxe7 38. Qf5 Rf8 39. Qh3 Qg5 40. Bd4 Bg4 41. Qg2 Rf3 0-1

[Event "Adelboden Swiss Alpine op"]
[Site "Adelboden"]
[Date "2023.11.24"]
[Round "1"]
[White "Kukov, Velislav"]
[Black "Lanois, Herve"]
[Result "1-0"]
[WhiteElo "2335"]
[BlackElo "1602"]
[PlyCount "39"]
[EventDate "2023.11.24"]
[EventType "swiss"]
[EventRounds "5"]
[EventCountry "SUI"]
[SourceTitle "CB50_2023"]
[SourceDate "2023.12.13"]
[SourceVersion "1"]
[SourceVersionDate "2023.12.13"]
[SourceQuality "1"]

1. d4 d5 2. Bf4 Nf6 3. e3 e6 4. Nd2 c5 5. c3 Nc6 6. Ngf3 cxd4 7. exd4 Nh5 8. Be3 Bd6 9. Ne5 Nf6 10. f4 0-0 11. Bd3 Qc7 12. 0-0 b6 13. Rf3 Bb7 14. Rh3 h6 15. g4 Ne4 16. Bxe4 dxe4 17. g5 Nxe5 18. fxe5 Be7 19. Qg4 Qc6 20. Rxh6 1-0

[Event "Davos op"]
[Site "Davos"]
[Date "2023.06.30"]
[Round "1"]
[White "Karnaukh, Anatolij"]
[Black "Lanois, Herve"]
[Result "1-0"]
[WhiteElo "2042"]
[BlackElo "1624"]
[PlyCount "55"]
[EventDate "2023.06.30"]
[EventType "swiss"]
[EventRounds "5"]
[EventCountry "SUI"]
[SourceTitle "EXT 2024"]
[Source "ChessBase"]
[SourceDate "2023.10.10"]
[SourceVersion "1"]
[SourceVersionDate "2023.10.10"]
[SourceQuality "1"]

1. d4 Nf6 2. Nf3 d5 3. c4 c6 4. Nc3 e6 5. e3 Bd6 6. Bd3 dxc4 7. Bxc4 b5 8. Bd3 Bb7 9. e4 Be7 10. 0-0 Nbd7 11. e5 Nd5 12. Nxd5 exd5 13. Re1 0-0 14. Qc2 g6 15. Bh6 Re8 16. e6 Nf8 17. exf7+ Kxf7 18. Ne5+ Kg8 19. Bxf8 Bxf8 20. Bxg6 Re7 21. Bxh7+ Rxh7 22. Qg6+ Rg7 23. Qe6+ Kh8 24. Re3 Qe8 25. Rh3+ Rh7 26. Nf7+ Qxf7 27. Qxf7 Rxh3 28. Qxb7 1-0

[Event "Locarno op 8th"]
[Site "Locarno"]
[Date "2023.04.23"]
[Round "4"]
[White "Lanois, Herve"]
[Black "Steiner, Mario"]
[Result "0-1"]
[WhiteElo "1751"]
[BlackElo "1582"]
[PlyCount "96"]
[EventDate "2023.04.21"]
[EventType "swiss"]
[EventRounds "5"]
[EventCountry "SUI"]
[SourceTitle "CBM 214 Extra"]
[Source "ChessBase"]
[SourceDate "2023.07.31"]
[SourceVersion "1"]
[SourceVersionDate "2023.07.31"]
[SourceQuality "1"]

1. d4 d5 2. c4 e6 3. Nc3 Nf6 4. e3 b6 5. Nf3 Bb7 6. Bd3 c5 7. cxd5 Nxd5 8. Nxd5 Bxd5 9. 0-0 cxd4 10. Nxd4 Bd6 11. Qh5 Nd7 12. b3 Ne5 13. Bb5+ Nd7 14. Bb2 0-0 15. Rac1 Nf6 16. Qe2 Ne4 17. Qg4 Qg5 18. Qxg5 Nxg5 19. Ba6 Ne4 20. Nb5 Nc5 21. Nxd6 Nxa6 22. e4 Rad8 23. Ba3 Ba8 24. f3 f5 25. exf5 exf5 26. Rfe1 Nc5 27. Bxc5 bxc5 28. Nb5 Rd2 29. Rxc5 Rxa2 30. Rc7 Rd8 31. Rxa7 Rxa7 32. Nxa7 Rb8 33. Rb1 Rb4 34. Nc8 Kf7 35. Nd6+ Ke6 36. Nc4 Bd5 37. Nd2 Rd4 38. Rb2 f4 39. Kf2 g5 40. b4 h5 41. b5 Kd7 42. b6 Kc8 43. Ke2 g4 44. Rb5 Bf7 45. Ne4 Bc4+ 46. Kf2 Bxb5 47. fxg4 hxg4 48. Nc5 Rd2+ 0-1